[Event "OP-2014-0-03506"]
[Site "LSS email"]
[Date "2014.09.23"]
[Round "?"]
[White "Pauk, Jozef"]
[Black "Arriola, Roger"]
[Result "0-1"]
[WhiteElo "754"]
[BlackElo "1007"]
[PlyCount "100"]
[EventDate "2014.09.18"]
[EventType "tourn (corr)"]
[EventRounds "4"]
[EventCountry "GER"]
[SourceTitle "Corr 2015"]
[Source "ChessBase"]
[SourceDate "2015.07.17"]
[SourceVersion "1"]
[SourceVersionDate "2015.07.17"]
[SourceQuality "1"]

1. e4 e5 2. d3 Nf6 3. Bd2 Nc6 4. a3 d6 5. Be2 Be7 6. Nf3 h6 7. Nc3 a6 8. b4 Nd4 9. Nxd4 exd4 10. Nd5 c6 11. Nf4 0-0 12. Bh5 Qd7 13. c3 Nxh5 14. Nxh5 Qg4 15. Ng3 Qxd1+ 16. Rxd1 dxc3 17. Bxc3 f6 18. 0-0 c5 19. f4 b6 20. Rde1 Bd7 21. Nf5 Bxf5 22. exf5 Ra7 23. g4 d5 24. h4 d4 25. Bd2 b5 26. Re2 Rc8 27. bxc5 Bxc5 28. Bb4 Rac7 29. Re6 Bxb4 30. axb4 Rc3 31. Rxa6 Rxd3 32. g5 hxg5 33. fxg5 fxg5 34. Rg6 Rg3+ 35. Kf2 gxh4 36. Rxg3 hxg3+ 37. Kxg3 Rc3+ 38. Rf3 Kf7 39. Kf2 Rxf3+ 40. Kxf3 Kf6 41. Ke4 d3 42. Kxd3 Kxf5 43. Ke3 g5 44. Kf3 g4+ 45. Kg3 Ke4 46. Kxg4 Kd4 47. Kf3 Kc3 48. Ke2 Kxb4 49. Kd2 Kb3 50. Kc1 Ka2 0-1